Kto Wtedy Wybiegł Na Boisko Polska 2-0 Niemcy El.ME 2014 - Statystyki

Ogólne statystyki
  • Ten quiz został rozwiązany 193 razy
  • Średni wynik to 18 z 30
Statystyki odpowiedzi
Pozycja Piłkarz % Poprawnych
N Lewandowski
99%
N Milik
98%
Bramkarz Szczęsny
98%
ŚO Glik
95%
Trener Nawałka
92%
PO Piszczek
92%
Rezerwowy Mila
91%
PP Grosicki
88%
Bramkarz Neuer
87%
ŚP Krychowiak
86%
ŚO Boateng
76%
N Muller
74%
Trener Low
72%
ŚO Hummels
69%
ŚO Szukała
66%
LP Rybus
64%
LO Wawrzyniak
63%
ŚPD Kroos
54%
Rezerwowy Jędrzejczyk
53%
ŚPO Gotze
52%
ŚP Jodłowiec
52%
Rezerwowy Podolski
49%
PS Bellarabi
48%
LS Schurrle
33%
Rezerwowy Sobota
21%
PO Rudiger
19%
LO Durm
18%
ŚPD Kramer
12%
Rezerwowy Draxler
9%
Rezerwowy Kruse
4%
Nie znaleziono quizów pasujących do podanych kryteriów
Rozkład punktacji
Procent ludzi z każdym wynikiem
Percentyl według liczby udzielonych odpowiedzi
Twoja historia wyników
Nie rozwiązałeś tego quizu